Catálogo
 En Linea

La era de Trujillo / (Registro nro. 29862)

Detalles MARC
000 -CABECERA
campo de control de longitud fija 01547nam a2200265 i 4500
001 - NÚMERO DE CONTROL
campo de control 000030370
003 - IDENTIFICADOR DEL NÚMERO DE CONTROL
campo de control DO-SdBNP
005 - FECHA Y HORA DE LA ÚLTIMA TRANSACCIÓN
campo de control 20250630121913.0
007 - CAMPO FIJO DE DESCRIPCIÓN FÍSICA--INFORMACIÓN GENERAL
campo de control de longitud fija ta
008 - DATOS DE LONGITUD FIJA--INFORMACIÓN GENERAL
campo de control de longitud fija 110511s199? dr 000 0 spa d
040 ## - FUENTE DE LA CATALOGACIÓN
Centro catalogador/agencia de origen DO-SdBNP
Lengua de catalogación spa
Centro/agencia transcriptor BNPHU
Normas de descripción rda
082 ## - NÚMERO DE LA CLASIFICACIÓN DECIMAL DEWEY
Número de documento/Ítem G861e
Número de edición 22
100 1# - ENTRADA PRINCIPAL--NOMBRE DE PERSONA
Nombre de persona Grimaldi Silié, Eleanor,
Fechas asociadas al nombre 1948-
Término indicativo de función/relación autor
9 (RLIN) 85713
245 13 - MENCIÓN DE TÍTULO
Título La era de Trujillo /
Mención de responsabilidad, etc. Eleanor Grimaldi Silie.
264 ## - PRODUCCIÓN, PUBLICACIÓN, DISTRIBUCIÓN, FABRICACIÓN Y COPYRIGHT
Producción, publicación, distribución, fabricación y copyright Santo Domingo :
Nombre del de productor, editor, distribuidor, fabricante CODETEL ,
-- El Siglo,
Fecha de producción, publicación, distribución, fabricación o copyright fecha no identificada
300 ## - DESCRIPCIÓN FÍSICA
Extensión 32 páginas ;
Dimensiones 28 cm.
336 ## - TIPO DE CONTENIDO
Término de tipo de contenido rdacontent
Código de tipo de contenido texto
Fuente txt
337 ## - TIPO DE MEDIO
Nombre/término del tipo de medio rdamedia
Código del tipo de medio sin mediación
Fuente n
338 ## - TIPO DE SOPORTE
Código del tipo de soporte rdacarrier
Número de control del registro de autoridad o número normalizado volumen
Fuente nc
505 ## - NOTA DE CONTENIDO CON FORMATO
Nota de contenido con formato Rafael Leonidas Trujillo Molina 4|Rasgos de su personalidad 5|Antecedentes que prepararon el camino a la presidencia 6|Papel desempeñado durante la ocupación de 1916 8|Plan de evacuación-salida de las tropas norteamericanas 9|Traición a Horacio Vásquez 11|Inicios de su gobierno 14|Continúa la Represión 15|Medidas económicas al inicio del gobierno 16|Dominicanización fronteriza 17|Elección de un nuevo gobernante 18|Tratado Trujillo-Hull 19|La República Dominicana después de la Segunda Guerra Mundial 19|La oposición desde el exilio 20|Los años 50|Consecuencias de la invasión de 1959 23|Crisis final de La Era 24|Estilo personal del régimen 28|Notas sobre la educación y la cultura durante el gobierno de Trujillo 30
590 ## - NOTA LOCAL (RLIN)
Nota local Inventariado, 2024/DG
651 #0 - PUNTO DE ACCESO ADICIONAL DE MATERIA--NOMBRE GEOGRÁFICO
Nombre geográfico República Dominicana
Subdivisión general Historia
Subdivisión cronológica Era de Trujillo, 1930-1961
9 (RLIN) 78796
910 ## - DATOS DE OPCIÓN DEL USUARIO (OCLC)
Datos de opción del usuario DG
942 ## - ELEMENTOS DE PUNTO DE ACCESO ADICIONAL (KOHA)
Fuente del sistema de clasificación o colocación Dewey Decimal Classification
Tipo de ítem Koha Folleto
Existencias
Estado de retiro Estado de pérdida Restricciones de uso No para préstamo Código de colección Localización permanente Ubicación/localización actual Ubicación en estantería Fecha de adquisición Número de inventario Total de préstamos Signatura topográfica completa Código de barras Fecha visto por última vez Número de copia Precio válido a partir de Tipo de ítem Koha Fuente del sistema de clasificación o colocación Fuente de adquisición Nota pública
    Préstamo en sala   Dominicana de Servicio Biblioteca Nacional Pedro Henríquez Ureña Biblioteca Nacional Pedro Henríquez Ureña En catalogación 02.10.2024     BNPHU F-DS G861e 2024-5513 02.10.2024 e.5 02.10.2024 Folleto Dewey Decimal Classification donación Emilio Cordero Michel
        Dominicana de Servicio General General En catalogación 08.06.2011 LF1   xxxx G861e 30370-30 25.06.2020 e. 3 25.06.2020 Libro y Folleto Colección Dominicana de Servicio      
        Dominicana de Servicio General General En catalogación 08.06.2011 LF1   xxxx G861e 30370-40 25.06.2020 e. 4 25.06.2020 Libro y Folleto Colección Dominicana de Servicio      
      Excluido de préstamo Patrimonio Dominicano Patrimonio Dominicano Patrimonio Dominicano En catalogación 11.05.2011 LF1   xxxx G861e 30370-10 25.06.2020   25.06.2020 Libro y Folleto Colección Patrimonio Dominicano      
      Excluido de préstamo Patrimonio Dominicano Patrimonio Dominicano Patrimonio Dominicano En catalogación 11.05.2011 LF1   xxxx G861e 30370-20 25.06.2020 e. 2 25.06.2020 Libro y Folleto Colección Patrimonio Dominicano      

Con tecnología Koha